[Event "SRB-chT 1st League Women 2018"]
[Site "Zajecar"]
[Date "2018.09.09"]
[Round "10"]
[White "Matkovic, Simana"]
[Black "Miladinovic, Lena"]
[Result "1-0"]
[WhiteElo "1937"]
[BlackElo "2098"]
[Annotator "NA"]
[PlyCount "147"]
[EventDate "2018.08.31"]
[EventType "team-tourn"]
[EventCountry "SRB"]
[SourceTitle "playchess.com"]
[Source "ChessBase"]
[SourceQuality "1"]
[TimeControl "40/5400+30:1800+30"]

1. d4 {[%emt 0:00:00]} Nf6 {[%emt 0:00:00]} 2. Bf4 {[%emt 0:00:00]} c5 {[%emt 0:00:00]} 3. e3 {[%emt 0:00:02]} cxd4 {[%emt 0:00:07] A45: Trompowsky Attack} (3... e6 4. Nd2 d5 5. Ngf3 Nc6 6. c3 Be7 7. h3 Bd6 8. dxc5 Bxc5 9. Bd3 O-O 10. O-O Bd6 11. Bxd6 Qxd6 12. e4 Rd8 13. Bc2 dxe4 14. Nxe4 Qe7 15. Qe2 {1-0 (67) So,W (2778)-Caruana,F (2816) Paris 2018}) 4. exd4 {[%emt 0:00:12]} Qb6 {[%emt 0:00:11] LiveBook: 15 Games} 5. Nc3 {[%emt 0:01:21]} Nc6 {[%emt 0:00:18]} (5... a6 6. Rb1 d5 7. Bd3 Nc6 8. Nf3 Bg4 9. Be2 e6 10. Be3 Qa5 11. O-O {0-1 (55) Matkovic,S (1884)-Miladinovic,L (2186) Kragujevac 2015}) 6. d5 {[%emt 0:14:54]} e5 $146 {[%emt 0:00:16]} ({Predecessor:} 6... Nb4 7. a3 Na6 8. Rb1 d6 9. Nf3 g6 10. Bb5+ Bd7 11. Bxd7+ Nxd7 {0-1 (65) Palchun,G (2441)-Dzhumagaliev,Y (2400) Sochi 2017}) 7. dxe6 {[%emt 0:07:28]} dxe6 {[%emt 0:02:40]} 8. Qd2 {[%emt 0:11:49]} Bb4 {[%emt 0:05:20]} 9. Bd3 {[%emt 0:04:20]} O-O {[%emt 0:13:22]} 10. Nge2 {[%emt 0:04:29]} e5 {[%emt 0:07:00]} 11. Be3 {[%emt 0:02:17]} Qa5 {[%emt 0:05:59]} 12. O-O {[%emt 0:01:21]} e4 {[%emt 0:04:09]} 13. Bc4 {[%emt 0:01:33]} Ne5 {[%emt 0:07:20]} 14. Bb3 {[%emt 0:00:48]} Bh3 {[%emt 0:08:51]} 15. a3 {[%emt 0:03:16]} Be7 {[%emt 0:08:09]} 16. Nxe4 {[%emt 0:02:16]} (16. Nd5 $18 {ist der präzise Gewinnweg.} Qd8 17. Nxf6+ Bxf6 18. Qxd8 Rfxd8 19. gxh3) 16... Nf3+ {[%emt 0:08:23]} 17. gxf3 {[%emt 0:07:52]} Qf5 {[%emt 0:01:20]} 18. Nd4 {[%emt 0:05:15]} Qg6+ {[%emt 0:01:17]} 19. Ng3 {[%emt 0:00:17]} h5 {[%emt 0:05:53]} 20. c3 {[%emt 0:02:32]} Ne8 {[%emt 0:04:35]} 21. Qc2 {[%emt 0:04:03]} Qxc2 {[%emt 0:05:20]} 22. Bxc2 {[%emt 0:00:15]} Bxf1 {[%emt 0:00:14]} 23. Rxf1 {[%emt 0:00:14]} g6 {[%emt 0:00:28]} 24. Re1 {[%emt 0:02:07]} Bf6 {[%emt 0:01:43]} 25. Ne4 {[%emt 0:03:19]} Be5 {[%emt 0:02:01]} 26. f4 {[%emt 0:00:37]} Bg7 {[%emt 0:00:23]} 27. f5 {[%emt 0:01:16]} gxf5 {[%emt 0:03:31]} 28. Nxf5 {[%emt 0:00:35]} Kh8 {[%emt 0:00:34]} 29. Kh1 {[%emt 0:00:56]} Be5 {[%emt 0:02:18]} 30. f4 {[%emt 0:00:49]} Bg7 {[%emt 0:00:11]} 31. Rg1 {[%emt 0:00:24]} f6 {[%emt 0:02:01]} 32. Bb3 {[%emt 0:00:22]} b6 {[%emt 0:01:13]} 33. Bd4 {[%emt 0:02:59]} Rd8 {[%emt 0:00:41]} 34. Neg3 {[%emt 0:02:52]} h4 {[%emt 0:00:35]} 35. Nxh4 {[%emt 0:00:43]} Kh7 {[%emt 0:00:22]} 36. Nhf5 {[%emt 0:01:21]} Rd7 {[%emt 0:00:42]} 37. Nh5 {[%emt 0:01:41]} Kh8 {[%emt 0:00:25]} 38. Rg3 {[%emt 0:00:38]} Kh7 {[%emt 0:00:33]} 39. Nhxg7 {[%emt 0:03:19]} Nxg7 {[%emt 0:00:07]} 40. Nxg7 {[%emt 0:00:00]} Rxg7 {[%emt 0:00:00]} 41. Rxg7+ {[%emt 0:03:00]} Kxg7 {[%emt 0:00:14]} 42. f5 {[%emt 0:01:01]} Rh8 {[%emt 0:00:47]} 43. Kg2 {[%emt 0:00:16]} Rh4 {[%emt 0:00:14]} 44. Bd5 {[%emt 0:00:47]} Rf4 {[%emt 0:00:25]} 45. Be6 {[%emt 0:00:40]} Re4 {[%emt 0:00:40]} 46. Kf2 {[%emt 0:02:28]} Rh4 {[%emt 0:01:09]} 47. Ke3 {[%emt 0:02:03]} Rxh2 {[%emt 0:00:16]} 48. c4 {[%emt 0:00:18]} Rh4 {[%emt 0:04:50]} 49. Kd3 {[%emt 0:00:21]} Rg4 {[%emt 0:00:56]} 50. Bc3 {[%emt 0:00:16]} Rg1 {[%emt 0:03:29]} 51. Kc2 {[%emt 0:00:30]} Rg3 {[%emt 0:01:28]} 52. Kb3 {[%emt 0:00:08]} Kf8 {[%emt 0:00:55]} 53. Kb4 {[%emt 0:00:20]} Ke7 {[%emt 0:03:24]} 54. Kb5 {[%emt 0:00:17]} Kd6 {[%emt 0:01:54]} 55. Bxf6 {[%emt 0:00:24]} Rb3+ {[%emt 0:01:11]} 56. Ka6 {[%emt 0:00:32]} Kc6 {[%emt 0:00:38]} 57. Bd5+ {[%emt 0:02:06]} Kd6 {[%emt 0:00:48]} 58. Bc3 {[%emt 0:01:05]} b5 {[%emt 0:00:18]} 59. Bb4+ {[%emt 0:00:50]} Ke5 {[%emt 0:00:54]} 60. Be6 {[%emt 0:00:54]} (60. f6 $142 Kxf6 61. Bc3+ Ke7 62. cxb5 Rxb5 63. Kxb5 Kd6 64. Bg2 Ke6 65. Ka6) 60... bxc4 {[%emt 0:01:44]} 61. Bxc4 {[%emt 0:00:35]} (61. Bc3+ $142 Kd6 62. Kxa7 Kc6 63. f6 Kc7 64. f7 Rb7+ 65. Ka6 Rb6+ 66. Ka5) 61... Rh3 {[%emt 0:00:46]} 62. Be6 {[%emt 0:00:12]} Rh7 {[%emt 0:00:53]} 63. Bc3+ {[%emt 0:00:50]} Kd6 {[%emt 0:00:14]} 64. b3 {[%emt 0:05:05]} (64. Bb3 $142 Ke7 65. f6+ Kf8 66. Bb4+ Ke8 67. f7+ Rxf7 68. Bxf7+ Kxf7 69. Kxa7) 64... Rc7 {[%emt 0:02:36]} 65. Bd4 {[%emt 0:01:03]} Re7 {[%emt 0:01:52]} 66. Bxa7 {[%emt 0:00:21]} Kc6 {[%emt 0:00:10]} 67. b4 {[%emt 0:00:32]} Rh7 {[%emt 0:00:54]} 68. b5+ {[%emt 0:00:48]} Kd6 {[%emt 0:00:10]} 69. Kb6 {[%emt 0:01:23]} Rh4 {[%emt 0:00:24]} 70. Bb8+ {[%emt 0:00:31]} Ke7 {[%emt 0:00:05]} 71. Ka5 {[%emt 0:00:29]} Rh8 $18 {[%emt 0:00:37]} 72. Be5 {[%emt 0:00:16]} Ra8+ {[%emt 0:00:42]} 73. Kb4 {[%emt 0:00:06]} Rd8 {[%emt 0:00:49]} 74. b6 {[%emt 0:00:46]} 1-0

[Event "SRB-chT 1st League Women 2018"]
[Site "Zajecar"]
[Date "2018.09.09"]
[Round "10"]
[White "Stanimirovic, Marija"]
[Black "Sakotic, Ana"]
[Result "1-0"]
[WhiteElo "1901"]
[BlackElo "1706"]
[Annotator "NA"]
[PlyCount "89"]
[EventDate "2018.08.31"]
[EventType "team-tourn"]
[EventCountry "SRB"]
[SourceTitle "playchess.com"]
[Source "ChessBase"]
[SourceQuality "1"]
[TimeControl "40/5400+30:1800+30"]

1. c4 {[%emt 0:00:00]} Nf6 {[%emt 0:00:00]} 2. Nc3 {[%emt 0:00:00]} g6 {[%emt 0:00:00]} 3. Nf3 {[%emt 0:00:04]} Bg7 {[%emt 0:00:00]} 4. d4 {[%emt 0:03:40]} O-O {[%emt 0:00:20]} 5. e4 {[%emt 0:02:05]} d6 {[%emt 0:00:06]} 6. Be2 {[%emt 0:00:10]} Nbd7 {[%emt 0:00:07]} 7. O-O {[%emt 0:00:40]} e5 {[%emt 0:00:05]} 8. h3 {[%emt 0:02:34]} c6 {[%emt 0:03:41]} 9. Be3 {[%emt 0:11:17]} Qe7 {[%emt 0:03:50]} (9... exd4 $11 10. Nxd4 (10. Bxd4 Re8 $11) 10... Qe7) 10. dxe5 {[%emt 0:05:19]} dxe5 {[%emt 0:00:15]} 11. Qc2 {[%emt 0:00:58]} a5 {[%emt 0:09:01] LiveBook: 3 Games [#] E94: King's Indian: Classical: 6 Be2 e5 7 0-0: Various Black 7th moves} (11... Nh5 $11 {keeps the balance.}) 12. Na4 $1 {[%emt 0:14:18]} Nh5 {[%emt 0:13:02]} 13. c5 {[%emt 0:03:36]} Nf4 {[%emt 0:06:18] [#]} 14. Bc4 $146 {[%emt 0:02:07]} ({Predecessor:} 14. Rad1 f5 15. Bxf4 exf4 16. exf5 Rxf5 17. Bd3 Rh5 {1-0 (32) Zhou,J (2609)-Sasikiran,K (2720) Zaozhuang 2012}) 14... Ne6 {[%emt 0:04:26]} 15. Bb3 {[%emt 0:02:31]} Kh8 {[%emt 0:10:14]} 16. Qc4 {[%emt 0:03:04]} Nc7 {[%emt 0:02:51]} 17. Ng5 {[%emt 0:13:38]} Kg8 {[%emt 0:05:29]} 18. Rfd1 {[%emt 0:10:07]} Nb5 {[%emt 0:02:00]} 19. Rd2 {[%emt 0:03:31]} h6 {[%emt 0:01:34]} 20. Nf3 {[%emt 0:00:19]} Nf6 {[%emt 0:10:41]} 21. Qc2 {[%emt 0:06:17]} Nh5 {[%emt 0:11:44]} 22. Nb6 {[%emt 0:01:45]} Rb8 {[%emt 0:01:57]} 23. Rad1 {[%emt 0:01:39]} Nf6 {[%emt 0:02:19]} 24. Bc4 {[%emt 0:05:54]} Nc7 {[%emt 0:02:45]} 25. Ne1 {[%emt 0:00:46]} Be6 {[%emt 0:03:30]} 26. f3 {[%emt 0:01:03]} Bxc4 {[%emt 0:00:31]} 27. Qxc4 {[%emt 0:00:11]} Rfd8 {[%emt 0:00:23] [#]} 28. Qa4 {[%emt 0:00:37]} (28. Rxd8+ $1 $18 Rxd8 29. Rxd8+ Qxd8 30. Qd3) 28... Rxd2 {[%emt 0:02:28]} 29. Rxd2 {[%emt 0:00:12]} Na6 {[%emt 0:02:45]} 30. Qxa5 {[%emt 0:00:44]} Rd8 {[%emt 0:00:13]} 31. Rxd8+ {[%emt 0:02:44]} Qxd8 {[%emt 0:00:11]} 32. Qc3 {[%emt 0:00:31]} Qe7 {[%emt 0:00:33]} 33. b4 {[%emt 0:01:05]} Nd7 {[%emt 0:00:55]} 34. Nc4 {[%emt 0:00:18]} f6 {[%emt 0:01:10]} 35. Nd6 {[%emt 0:00:41]} Nf8 {[%emt 0:00:46]} 36. Qc4+ {[%emt 0:00:40]} Kh7 {[%emt 0:00:17]} 37. a4 {[%emt 0:00:24]} Ne6 {[%emt 0:01:02]} 38. b5 {[%emt 0:01:45]} cxb5 {[%emt 0:00:05]} 39. axb5 {[%emt 0:00:07]} Nb8 {[%emt 0:00:15]} 40. Qd5 {[%emt 0:00:00]} Nd8 {[%emt 0:00:00]} 41. Nd3 {[%emt 0:04:15]} Bf8 {[%emt 0:05:34]} 42. Nb2 {[%emt 0:05:50]} h5 {[%emt 0:07:26]} 43. Nbc4 {[%emt 0:00:39]} Kh8 {[%emt 0:02:48]} 44. Bd2 {[%emt 0:00:37]} Kh7 {[%emt 0:00:50]} 45. Ba5 $18 {[%emt 0:00:12]} 1-0

[Event "SRB-chT 1st League Women 2018"]
[Site "Zajecar"]
[Date "2018.09.09"]
[Round "10"]
[White "Stankovic, Marija"]
[Black "Ostojic, Katarina"]
[Result "0-1"]
[WhiteElo "1629"]
[BlackElo "2134"]
[Annotator "ChessBase"]
[PlyCount "90"]
[EventDate "2018.08.31"]
[EventType "team-tourn"]
[EventCountry "SRB"]
[SourceTitle "playchess.com"]
[Source "ChessBase"]
[SourceQuality "1"]
[TimeControl "40/5400+30:1800+30"]

1. e4 {[%emt 0:00:00]} c5 {[%emt 0:00:00]} 2. Nf3 {[%emt 0:00:00]} d6 {[%emt 0:00:19]} 3. d4 {[%emt 0:00:00]} cxd4 {[%emt 0:00:08]} 4. Qxd4 {[%emt 0:00:11]} Nf6 {[%emt 0:00:55]} 5. Nc3 {[%emt 0:01:01]} Nc6 {[%emt 0:00:56]} 6. Bb5 {[%emt 0:00:44]} Qa5 {[%emt 0:06:11]} 7. Bxc6+ {[%emt 0:10:11]} bxc6 {[%emt 0:03:01]} 8. O-O {[%emt 0:02:34]} e5 {[%emt 0:01:37]} 9. Qd1 {[%emt 0:06:41]} Ba6 {[%emt 0:05:20]} 10. Re1 {[%emt 0:00:21]} Be7 {[%emt 0:00:36]} 11. Nh4 {[%emt 0:08:05]} g6 {[%emt 0:13:14]} 12. Bh6 {[%emt 0:15:09]} Qb4 {[%emt 0:11:06]} 13. Qc1 {[%emt 0:14:33]} Ng4 {[%emt 0:12:01]} 14. Bg5 {[%emt 0:10:37]} Qb6 {[%emt 0:10:55]} 15. h3 {[%emt 0:13:02]} Qxf2+ {[%emt 0:03:57]} 16. Kh1 {[%emt 0:00:09]} h6 {[%emt 0:02:59]} 17. Bxe7 {[%emt 0:01:31]} Kxe7 {[%emt 0:00:20]} 18. Nf3 {[%emt 0:00:55]} Nf6 {[%emt 0:00:25]} 19. Qd2 {[%emt 0:01:42]} Qxd2 {[%emt 0:02:40]} 20. Nxd2 {[%emt 0:00:07]} Rab8 {[%emt 0:00:33]} 21. b3 {[%emt 0:01:23]} Nh5 {[%emt 0:02:42]} 22. Rad1 {[%emt 0:04:35]} Nf4 {[%emt 0:02:46]} 23. Kh2 {[%emt 0:00:52]} Ne6 {[%emt 0:01:31]} 24. Nf3 {[%emt 0:01:04]} Rbd8 {[%emt 0:01:15]} 25. a4 {[%emt 0:01:06]} Rhe8 {[%emt 0:02:02]} 26. Rd2 {[%emt 0:01:51]} Ng7 {[%emt 0:02:50]} 27. Red1 {[%emt 0:01:00]} g5 {[%emt 0:04:43]} 28. g4 {[%emt 0:01:03]} f6 {[%emt 0:00:56]} 29. Ng1 {[%emt 0:02:22]} h5 {[%emt 0:00:19]} 30. Nge2 {[%emt 0:01:00]} hxg4 {[%emt 0:00:14]} 31. hxg4 {[%emt 0:00:02]} Rh8+ {[%emt 0:00:14]} 32. Kg3 {[%emt 0:00:38]} Rh4 {[%emt 0:00:15]} 33. b4 {[%emt 0:01:14]} Bc8 {[%emt 0:00:53]} 34. Kf2 {[%emt 0:00:33]} Rh2+ {[%emt 0:01:16]} 35. Kf3 {[%emt 0:00:29]} Ne6 {[%emt 0:03:35]} 36. Ng3 {[%emt 0:00:25]} Nd4+ {[%emt 0:00:36]} 37. Ke3 {[%emt 0:00:06]} Nxc2+ {[%emt 0:00:41]} 38. Kf3 {[%emt 0:00:42]} Nd4+ {[%emt 0:00:58]} 39. Ke3 {[%emt 0:00:05]} Rh3 {[%emt 0:00:42]} 40. Rg2 {[%emt 0:00:00]} Bxg4 {[%emt 0:00:00]} 41. Rc1 {[%emt 0:02:37]} f5 {[%emt 0:08:16]} 42. exf5 {[%emt 0:01:54]} Nxf5+ {[%emt 0:00:07]} 43. Kf2 {[%emt 0:00:23]} Nh4 {[%emt 0:00:22]} 44. Rgg1 {[%emt 0:00:24]} Rf8+ {[%emt 0:00:10]} 45. Ke1 {[%emt 0:00:15]} Nf3+ {[%emt 0:00:10]} 0-1

[Event "SRB-chT 1st League Women 2018"]
[Site "Zajecar"]
[Date "2018.09.10"]
[Round "11"]
[White "Zimina, Olga"]
[Black "Bulmaga, Irina"]
[Result "0-1"]
[WhiteElo "2421"]
[BlackElo "2394"]
[Annotator "TA"]
[PlyCount "166"]
[EventDate "2018.08.31"]
[EventType "team-tourn"]
[EventCountry "SRB"]
[SourceTitle "playchess.com"]
[Source "ChessBase"]
[SourceQuality "1"]

{[%evp 19,166,-21,-18,-31,-24,-29,-20,-23,-15,-25,-13,-22,-13,-31,-21,-92,-119,-87,-103,-136,-143,-135,-96,-127,-102,-103,-100,-114,-109,-101,-52,-75,-29,-32,-29,-40,-33,-48,-65,-65,-56,-77,-55,-60,-62,-33,-39,-86,-98,-83,-70,-69,-52,-85,-93,-187,-180,-153,-152,-151,-18,-18,-18,-18,-18,-18,-18,-18,-18,-402,-402,-397,-402,-349,-252,-214,-162,-395,-395,-347,-347,-339,-339,-29966,-29969,-29974,-29976,-29976,-29977,-29977,-29978,-29978,-29979,-29978,-29979,-29980,-29981,-29981,-29981,-29981,-29978,-29978,-29978,-29980,-29976,-29988,-29987,-29989,-29990,-29978,-29979,-29979,-29980,-29980,-29979,-29981,-29980,-29982,-29977,-29983,-29984,-29984,-29985,-29985,-29986,-29987,-29988,-29988,-29988,-29988,-29989,-29989,-29988,-29989,-29989,-29990,-29990,-29991,-29992,-29994,-29995,-29995,-29996,-29996,-29996,-29997,-29998,-29998,-29999]} 1. Nf3 Nf6 2. c4 g6 3. Nc3 Bg7 4. e4 d6 5. d4 O-O 6. Be2 e5 7. Bg5 h6 8. Bh4 Nbd7 9. O-O c6 10. dxe5 {E94: King's Indian: Classical: 6 Be2 e5 7 0-0: Various Black 7th moves} dxe5 {LiveBook: 4 Games} 11. b4 (11. Qd6 Re8 12. Rad1 Qb6 13. b3 Bf8 14. Qd3 Nh5 15. Qc2 Nc5 16. Rfe1 Ne6 17. Bf1 Nef4 18. Na4 {0-1 (39) Gunina,V (2502)-Movsesian,S (2659) Minsk 2015}) 11... Qe7 12. Qb3 {Black has an edge.} Re8 13. c5 $146 ({Predecessor:} 13. Rad1) 13... Nf8 14. Bc4 Qc7 15. Rad1 Bg4 16. Rd6 g5 {Hoping for ...Bxf3.} 17. Bxg5 (17. Bg3 $11 Bxf3 18. gxf3) 17... hxg5 $17 18. Nxg5 {[%cal Rc4f7] [#]} Be6 $1 19. Nxe6 (19. Bxe6 Nxe6) 19... Nxe6 20. Bxe6 fxe6 21. Rxe6 Qf7 22. Rxe8+ Rxe8 23. Qxf7+ Kxf7 24. Rd1 Ke7 (24... Ra8 {is interesting.} 25. g4 Kg6 26. f3 a5 27. b5 Bf8) 25. Kf1 Rd8 (25... Ra8 {keeps more tension.} 26. f3 Nd7 27. Na4 Nf8 28. a3 Bf6) 26. Rxd8 Kxd8 27. Ke2 Bf8 28. Kd3 {[#]} a5 $1 {[%mdl 512]} 29. a3 (29. bxa5 Bxc5) 29... Bh6 $1 30. f3 Bc1 31. Nb1 $1 Nh5 32. g3 Ng7 33. Kc2 Be3 34. Nd2 axb4 35. axb4 Ne6 36. Nc4 Bg1 37. Nxe5 (37. h4 $17) 37... Bxh2 $19 38. Nf7+ Kd7 39. Nd6 Bxg3 (39... b5 $1 $17 40. Nf5 Ng5) 40. Nxb7 $11 Nd4+ 41. Kd3 Nxf3 {Black wants to play ...Ne1+.} 42. Na5 Ne5+ 43. Kd4 Ke6 {...Bf2+ is the strong threat.} 44. Nc4 $2 {[%mdl 8192] [#]} (44. Nb7 $1 $11 {and White stays safe.}) 44... Bf2+ $1 $19 45. Kc3 {[#]} Be1+ $1 46. Kd4 Nf3+ (46... Bxb4 47. Nxe5 Bxc5+ 48. Kxc5 $11) 47. Ke3 Ng5 ({Weaker is} 47... Bxb4 48. Kxf3 Bxc5 49. Na5 $11) 48. Na5 $2 (48. b5) 48... Kd7 49. Nc4 Bxb4 50. Ne5+ Kc7 51. Nxc6 $2 (51. Nd3 $19 Bc3 52. Kf4 Ne6+ 53. Kf5) 51... Kxc6 {Black mates.} 52. e5 Bxc5+ 53. Kf4 Ne6+ 54. Ke4 Bd4 55. Kf5 Kd5 56. Kf6 Bc5 57. Kf5 Be7 58. Kg4 Ke4 59. Kg3 Bg5 60. Kf2 Bf4 61. Kg2 Ke3 62. Kh1 Kf3 63. Kg1 Bg3 64. Kh1 Bxe5 65. Kg1 Ng5 {[%cal Be6g5,Bg5e4,Be4f2][%mdl 32]} 66. Kh1 Ne4 67. Kg1 Nf2 68. Kf1 Bh2 69. Ke1 Ne4 70. Kd1 Ke3 {[%cal Bf3e3,Be3e2,Be2d3,Bd3c3,Bc3b3][%mdl 32]} 71. Kc2 Nd2 72. Kc3 Bd6 {[%cal Bh2d6,Bd6c5,Bc5d4][%mdl 32]} 73. Kc2 Ke2 74. Kc3 Bc5 75. Kc2 Bd4 76. Kc1 Kd3 77. Kd1 Bf2 78. Kc1 Nc4 79. Kb1 Be3 80. Ka1 Kc3 81. Ka2 Bf4 82. Ka1 Kb3 83. Kb1 Na3+ {Precision: White = 33%, Black = 52%.} 0-1

[Event "SRB-chT 1st League Women 2018"]
[Site "Zajecar"]
[Date "2018.09.10"]
[Round "11"]
[White "Rapport, Jovana"]
[Black "Kovacevic, Radmila"]
[Result "1-0"]
[WhiteElo "2348"]
[BlackElo "2144"]
[Annotator "NA"]
[PlyCount "103"]
[EventDate "2018.08.31"]
[EventType "team-tourn"]
[EventCountry "SRB"]
[SourceTitle "playchess.com"]
[Source "ChessBase"]
[SourceQuality "1"]
[TimeControl "40/5400+30:1800+30"]

1. d4 {[%emt 0:00:00]} Nf6 {[%emt 0:00:00]} 2. Nc3 {[%emt 0:00:00]} d5 {[%emt 0:00:41]} 3. Bf4 {[%emt 0:00:04]} c5 {[%emt 0:02:30]} 4. e3 {[%emt 0:00:08]} cxd4 {[%emt 0:00:33]} 5. exd4 {[%emt 0:00:10]} a6 {[%emt 0:00:15] B13: Caro-Kann: Exchange Variation and Panov-Botvinnik Attack} 6. Nf3 {[%emt 0:00:07]} Nc6 {[%emt 0:01:10]} 7. Ne5 {[%emt 0:00:05]} e6 {[%emt 0:03:35]} 8. Nxc6 {[%emt 0:00:52]} bxc6 {[%emt 0:00:07]} 9. Na4 {[%emt 0:00:04]} Bd6 {[%emt 0:07:41]} 10. Bg5 $146 {[%emt 0:05:46]} ({Predecessor:} 10. Bg3 Bxg3 11. hxg3 Qd6 12. Bd3 e5 13. dxe5 Qxe5+ {½-½ (68) Nisipeanu,L (2683)-Bluebaum,M (2642) Dortmund 2017}) 10... Qa5+ {[%emt 0:02:48]} 11. c3 {[%emt 0:00:27]} Ne4 {[%emt 0:00:22]} 12. Be3 {[%emt 0:00:41]} f5 {[%emt 0:06:46]} 13. f3 {[%emt 0:17:33]} Nf6 {[%emt 0:07:19]} 14. f4 {[%emt 0:05:03]} O-O {[%emt 0:06:13]} 15. Bd3 {[%emt 0:00:45]} Ne4 {[%emt 0:16:29]} 16. O-O {[%emt 0:01:21]} Rf6 {[%emt 0:02:03]} 17. c4 {[%emt 0:02:33]} Qd8 {[%emt 0:07:16]} 18. c5 {[%emt 0:04:56]} Bc7 {[%emt 0:01:20]} 19. b4 {[%emt 0:00:07]} Rh6 {[%emt 0:00:27]} 20. g3 {[%emt 0:00:29]} Bd7 {[%emt 0:05:58]} 21. Rb1 {[%emt 0:03:41]} Be8 {[%emt 0:02:53]} 22. Be2 {[%emt 0:05:49]} g5 {[%emt 0:05:54]} 23. Rb3 {[%emt 0:01:28]} g4 {[%emt 0:05:14]} 24. Nc3 {[%emt 0:00:20]} Nf6 {[%emt 0:02:19]} 25. Ra3 {[%emt 0:00:37]} Rg6 {[%emt 0:04:31]} (25... a5 $14) 26. Rxa6 {[%emt 0:01:06]} Rxa6 {[%emt 0:03:33]} 27. Bxa6 {[%emt 0:00:05]} h5 {[%emt 0:00:11]} 28. Kg2 {[%emt 0:10:01]} h4 {[%emt 0:01:02]} 29. Bd3 {[%emt 0:00:09]} Nh5 {[%emt 0:00:36]} 30. Ne2 {[%emt 0:00:25]} Rh6 {[%emt 0:01:05]} 31. Rh1 {[%emt 0:00:28]} Qa8 {[%emt 0:01:28]} 32. a4 {[%emt 0:00:14]} Qb8 {[%emt 0:00:20]} 33. Qb1 {[%emt 0:00:33]} Qa8 {[%emt 0:01:50]} 34. Qb3 {[%emt 0:00:35]} Kg7 {[%emt 0:00:16]} 35. b5 {[%emt 0:02:07]} cxb5 {[%emt 0:00:57]} 36. axb5 {[%emt 0:00:01]} Rh8 {[%emt 0:01:02]} 37. b6 {[%emt 0:03:37]} Qb7 {[%emt 0:00:50]} 38. Bb5 {[%emt 0:06:28]} e5 {[%emt 0:00:42]} 39. Ra1 {[%emt 0:00:29]} h3+ {[%emt 0:00:36]} 40. Kg1 {[%emt 0:00:00]} Bb8 {[%emt 0:00:00]} 41. fxe5 {[%emt 0:02:48]} Bf7 {[%emt 0:10:09]} 42. Qa4 {[%emt 0:04:31]} Rf8 {[%emt 0:11:50]} 43. Nf4 {[%emt 0:00:19]} Nxf4 {[%emt 0:02:51]} 44. Bxf4 {[%emt 0:00:18]} Be6 {[%emt 0:00:08]} 45. Ba6 {[%emt 0:02:35]} Qe7 {[%emt 0:01:08]} 46. c6 {[%emt 0:00:43]} Bc8 {[%emt 0:03:50]} 47. Qa3 $18 {[%emt 0:03:25]} Qe6 {[%emt 0:01:47]} 48. Bb5 {[%emt 0:01:34]} Rf7 {[%emt 0:01:27]} 49. Qc5 {[%emt 0:00:22]} Kg6 {[%emt 0:00:42]} 50. Ra8 {[%emt 0:00:57]} Bxe5 {[%emt 0:01:38]} 51. dxe5 {[%emt 0:03:09]} Rf6 {[%emt 0:00:34]} 52. Qd6 {[%emt 0:01:01]} 1-0

[Event "SRB-chT 1st League Women 2018"]
[Site "Zajecar"]
[Date "2018.09.10"]
[Round "11"]
[White "Voiska, Margarita"]
[Black "Doluhanova, Evgeniya"]
[Result "0-1"]
[WhiteElo "2241"]
[BlackElo "2321"]
[Annotator "NA"]
[PlyCount "94"]
[EventDate "2018.08.31"]
[EventType "team-tourn"]
[EventCountry "SRB"]
[SourceTitle "playchess.com"]
[Source "ChessBase"]
[SourceQuality "1"]
[TimeControl "40/5400+30:1800+30"]

1. e4 {[%emt 0:04:57]} c5 {[%emt 0:00:00]} 2. c4 {[%emt 0:00:39]} Nc6 {[%emt 0:01:36]} 3. Nc3 {[%emt 0:00:16]} g6 {[%emt 0:00:52]} 4. d3 {[%emt 0:00:29]} Bg7 {[%emt 0:00:07]} 5. g3 {[%emt 0:00:14]} d6 {[%emt 0:00:26]} 6. Bg2 {[%emt 0:00:26]} Nf6 {[%emt 0:03:08]} 7. Nge2 {[%emt 0:02:17]} O-O {[%emt 0:00:10] LiveBook: 632 Partien} 8. O-O {[%emt 0:03:07]} Rb8 {[%emt 0:00:35]} 9. Rb1 {[%emt 0:01:21]} a6 {[%emt 0:00:46]} 10. a4 {[%emt 0:00:57]} Ne8 {[%emt 0:05:53]} 11. Be3 {[%emt 0:06:31]} Nc7 {[%emt 0:01:30] A36: Symmetrical English vs ...g6: 4 Bg2 Bg7} 12. h3 {[%emt 0:12:27]} (12. d4 cxd4 13. Nxd4 Ne6 14. Nde2 Nc5 15. b4 Nd7 16. f4 a5 17. b5 Nb4 18. Nd5 Nc5 19. Nxb4 axb4 20. Rxb4 {0-1 (53) Eljanov,P (2711)-Amonatov,F (2636) Riadh 2017}) 12... b5 {[%emt 0:06:56]} 13. cxb5 $146 {[%emt 0:07:42]} ({Predecessor:} 13. axb5 axb5 14. b3 b4 15. Nd5 Ne6 16. Qd2 Ned4 17. Nxd4 Nxd4 18. Nf4 Nc6 {0-1 (46) Fonseca,L (1874)-Menna Barreto,F (2277) Porto Alegre 2013}) 13... axb5 {[%emt 0:00:28]} 14. d4 {[%emt 0:04:55]} b4 {[%emt 0:15:07]} 15. Nd5 {[%emt 0:03:44]} e6 {[%emt 0:01:49]} 16. Nxc7 {[%emt 0:00:46]} Qxc7 {[%emt 0:00:04]} 17. d5 {[%emt 0:09:34]} exd5 {[%emt 0:03:36]} 18. exd5 {[%emt 0:00:21]} Ne5 {[%emt 0:01:23]} 19. Rc1 {[%emt 0:08:22]} Ba6 {[%emt 0:03:31]} 20. b3 {[%emt 0:00:34]} Rfe8 {[%emt 0:01:26]} 21. Nf4 {[%emt 0:07:36]} (21. Nd4 $17) 21... Bxf1 {[%emt 0:02:16]} 22. Bxf1 {[%emt 0:00:08]} Nd7 {[%emt 0:03:26]} 23. Ng2 {[%emt 0:02:48]} Nf6 {[%emt 0:05:58]} 24. Bf4 {[%emt 0:03:48]} Ne4 {[%emt 0:02:40]} 25. h4 {[%emt 0:01:48]} Nc3 {[%emt 0:01:11]} 26. Qf3 {[%emt 0:00:31]} Qd7 {[%emt 0:01:51]} 27. Ne3 {[%emt 0:01:30]} Rbd8 {[%emt 0:13:40]} 28. Bg5 {[%emt 0:04:22]} f6 {[%emt 0:02:53]} 29. Bf4 {[%emt 0:00:02]} Qe7 {[%emt 0:00:53]} 30. Nc4 {[%emt 0:02:07]} Qf8 {[%emt 0:04:40]} 31. Kg2 {[%emt 0:04:53]} Bh6 {[%emt 0:00:49]} 32. Bxh6 {[%emt 0:00:22]} Qxh6 {[%emt 0:00:05]} 33. Ra1 {[%emt 0:00:07]} f5 {[%emt 0:00:30]} 34. a5 {[%emt 0:01:06]} Qg7 {[%emt 0:01:26]} 35. a6 {[%emt 0:02:27]} Nb5 {[%emt 0:01:12]} 36. Ra5 {[%emt 0:02:24]} Nd4 {[%emt 0:00:13]} 37. Qd3 {[%emt 0:00:56]} Qf7 {[%emt 0:02:10]} 38. Nb6 {[%emt 0:01:31]} Qc7 {[%emt 0:01:59]} 39. Nc4 {[%emt 0:00:05]} Ra8 {[%emt 0:02:13]} 40. Ra1 {[%emt 0:00:00]} Ra7 {[%emt 0:00:00]} 41. Kg1 {[%emt 0:06:35]} Rea8 $19 {[%emt 0:04:04]} 42. Ne3 {[%emt 0:02:37]} Qe7 {[%emt 0:02:12]} 43. Ng2 {[%emt 0:02:08]} Qe5 {[%emt 0:02:34]} 44. Nf4 {[%emt 0:08:32]} Nf3+ {[%emt 0:01:28]} 45. Qxf3 {[%emt 0:00:05]} Qxa1 {[%emt 0:00:05]} 46. Qe3 {[%emt 0:01:17]} Qe5 {[%emt 0:01:44]} 47. Qd3 {[%emt 0:00:59]} Rxa6 {[%emt 0:00:37]} 0-1